[Event "GER-ch52 V01 email"]
[Site "GER email"]
[Date "2020.04.16"]
[Round "?"]
[White "Gabel, Andreas"]
[Black "Moebius, Manfred"]
[Result "1-0"]
[WhiteElo "2343"]
[BlackElo "2033"]
[PlyCount "75"]
[EventDate "2020.??.??"]
[EventType "tourn (corr)"]
[EventRounds "10"]
[EventCountry "GER"]
[SourceTitle "Corr 2022"]
[Source "ChessBase"]
[SourceDate "2021.10.24"]
[SourceVersion "1"]
[SourceVersionDate "2021.10.24"]
[SourceQuality "1"]

1. e4 c5 2. Nf3 d6 3. d4 cxd4 4. Nxd4 Nf6 5. Nc3 g6 6. Be3 Bg7 7. f3 Nc6 8. Qd2 Nxd4 9. Bxd4 0-0 10. Bc4 a6 11. 0-0-0 b5 12. Bb3 Be6 13. Kb1 Qc7 14. g4 Bxb3 15. cxb3 Qb7 16. h4 Rad8 17. h5 e5 18. h6 Bh8 19. Bxe5 Nxe4 20. Nxe4 Bxe5 21. Rhe1 f5 22. Ng5 Bg3 23. Rg1 Be5 24. Ne6 Qxf3 25. Rge1 Rde8 26. Nxf8 Kxf8 27. gxf5 Qxf5+ 28. Ka1 Kg8 29. Rf1 Qe6 30. Rde1 Rc8 31. Qg2 Re8 32. Qb7 Re7 33. Qxa6 Qd7 34. Qa8+ Qe8 35. Qd5+ Kh8 36. Qf3 Kg8 37. Rc1 Ra7 38. Qd5+ 1-0

[Event "GER-ch52 V01 email"]
[Site "GER email"]
[Date "2020.04.16"]
[Round "?"]
[White "Moebius, Manfred"]
[Black "Droessler, Uwe"]
[Result "0-1"]
[WhiteElo "2033"]
[BlackElo "2308"]
[PlyCount "90"]
[EventDate "2020.??.??"]
[EventType "tourn (corr)"]
[EventRounds "10"]
[EventCountry "GER"]
[SourceTitle "Corr 2022"]
[Source "ChessBase"]
[SourceDate "2021.10.24"]
[SourceVersion "1"]
[SourceVersionDate "2021.10.24"]
[SourceQuality "1"]

1. d4 Nf6 2. c4 e6 3. g3 d5 4. Bg2 Be7 5. Nf3 0-0 6. cxd5 exd5 7. Nc3 c6 8. 0-0 Nbd7 9. Qc2 Re8 10. a4 Bb4 11. Bd2 a5 12. Rad1 Nf8 13. Ne5 Ng4 14. Nf3 Be6 15. Bg5 Qc8 16. h3 Nf6 17. Bxf6 gxf6 18. e4 dxe4 19. Nxe4 Kg7 20. Kh2 Ng6 21. Nc5 Bd5 22. Ne1 h5 23. Qd3 b6 24. Nb3 h4 25. Bxd5 cxd5 26. Ng2 Qd7 27. Ne3 Rxe3 28. Qxe3 Bd6 29. Rh1 hxg3+ 30. fxg3 f5 31. Qf3 f4 32. g4 Nh4 33. Qf2 f3+ 34. Kg1 Bf4 35. Re1 Qxa4 36. Nd2 Re8 37. Rxe8 Qxe8 38. Nf1 Qe7 39. Rh2 b5 40. Rh1 b4 41. b3 a4 42. bxa4 b3 43. Rh2 Bxh2+ 44. Kxh2 b2 45. Nd2 Qe2 0-1

[Event "GER-ch52 V01 email"]
[Site "GER email"]
[Date "2020.04.16"]
[Round "?"]
[White "Moebius, Manfred"]
[Black "Giering, Guido"]
[Result "0-1"]
[WhiteElo "2033"]
[BlackElo "2226"]
[PlyCount "90"]
[EventDate "2020.??.??"]
[EventType "tourn (corr)"]
[EventRounds "10"]
[EventCountry "GER"]
[SourceTitle "Corr 2022"]
[Source "ChessBase"]
[SourceDate "2021.10.24"]
[SourceVersion "1"]
[SourceVersionDate "2021.10.24"]
[SourceQuality "1"]

1. d4 Nf6 2. c4 e6 3. g3 d5 4. Bg2 Be7 5. Nc3 0-0 6. cxd5 exd5 7. Nf3 Bf5 8. 0-0 Nbd7 9. Qb3 Nb6 10. Ne5 c6 11. a4 a5 12. Nd1 h6 13. Ne3 Bh7 14. Bh3 Re8 15. Nf5 Bb4 16. Be3 Nc4 17. Nxc4 dxc4 18. Qxc4 Qd5 19. Qxd5 Nxd5 20. Rfd1 Rad8 21. Rd3 h5 22. Kf1 g6 23. Bg5 f6 24. Nh6+ Kg7 25. Bc1 Ne7 26. e4 g5 27. Nf5+ Nxf5 28. Bxf5 Bxf5 29. exf5 Re1+ 30. Kg2 Rde8 31. h4 g4 32. b3 R8e2 33. Re3 Rxe3 34. fxe3 Kf7 35. e4 Bc3 36. Kf2 Rxe4 37. Ra2 Rxd4 38. Re2 Rd5 39. Ba3 Rxf5+ 40. Kg2 Re5 41. Rc2 Re3 42. Bc5 Rf3 43. Bd6 Ke6 44. Bc7 Kd7 45. Bf4 Bd4 0-1

[Event "GER-ch52 V01 email"]
[Site "GER email"]
[Date "2020.04.16"]
[Round "?"]
[White "Schowalter, Gerd"]
[Black "Moebius, Manfred"]
[Result "1-0"]
[WhiteElo "2380"]
[BlackElo "2033"]
[PlyCount "67"]
[EventDate "2020.??.??"]
[EventType "tourn (corr)"]
[EventRounds "10"]
[EventCountry "GER"]
[SourceTitle "Corr 2022"]
[Source "ChessBase"]
[SourceDate "2021.10.24"]
[SourceVersion "1"]
[SourceVersionDate "2021.10.24"]
[SourceQuality "1"]

1. e4 c5 2. c4 Nc6 3. g3 d6 4. Bg2 g6 5. Nc3 Bg7 6. Nge2 Nf6 7. d3 Bd7 8. 0-0 0-0 9. Rb1 Rb8 10. h3 a6 11. f4 b5 12. a3 bxc4 13. dxc4 Qc7 14. b3 Rfd8 15. f5 Re8 16. g4 Ne5 17. Nf4 Bc6 18. g5 Nfd7 19. Bd2 Qa5 20. Ncd5 Qxa3 21. Bc3 Nb6 22. Ra1 Nxd5 23. Rxa3 Nxc3 24. Qc2 Nd7 25. e5 Bxg2 26. Kxg2 dxe5 27. fxg6 exf4 28. gxf7+ Kxf7 29. Qxh7 e5 30. Qd3 Nf8 31. Qxc3 Ne6 32. Rxa6 Nxg5 33. Qd3 Re6 34. Qf5+ 1-0

[Event "GER-ch 2014-B-V1 serv"]
[Site "GER email"]
[Date "2014.??.??"]
[Round "?"]
[White "Klapp, Herwig"]
[Black "Moebius, Manfred"]
[Result "1-0"]
[WhiteElo "2137"]
[BlackElo "1928"]
[PlyCount "63"]
[EventDate "2014.07.10"]
[EventType "tourn (corr)"]
[EventRounds "6"]
[EventCountry "GER"]
[SourceTitle "Corr 2015"]
[Source "ChessBase"]
[SourceDate "2015.07.17"]
[SourceVersion "1"]
[SourceVersionDate "2015.07.17"]
[SourceQuality "1"]

1. e4 e5 2. Nf3 Nc6 3. Bb5 Bc5 4. c3 Nge7 5. 0-0 Bb6 6. d4 exd4 7. cxd4 d5 8. exd5 Nxd5 9. Re1+ Be6 10. Bg5 Qd6 11. Nbd2 0-0 12. Nc4 Qd7 13. Nfe5 Qe8 14. Nxc6 bxc6 15. Ba4 f6 16. Bd2 Qd7 17. Rc1 Rab8 18. Nxb6 Rxb6 19. b3 Re8 20. Ba5 Ra6 21. b4 Rb8 22. Bb3 Bf7 23. Qd3 Qc8 24. Bxd5 Bxd5 25. Re7 Rxa5 26. bxa5 Qd8 27. Rce1 g6 28. h3 f5 29. Qg3 Rc8 30. Qe5 Bf7 31. Qf6 Qf8 32. Qxc6 1-0

[Event "GER-ch 2013-E-V1 serv"]
[Site "GER email"]
[Date "2014.??.??"]
[Round "?"]
[White "Schulze, Guenter"]
[Black "Moebius, Manfred"]
[Result "1-0"]
[WhiteElo "1935"]
[BlackElo "1880"]
[PlyCount "85"]
[EventDate "2013.11.15"]
[EventType "tourn (corr)"]
[EventRounds "6"]
[EventCountry "GER"]
[SourceTitle "Corr 2015"]
[Source "ChessBase"]
[SourceDate "2015.07.17"]
[SourceVersion "1"]
[SourceVersionDate "2015.07.17"]
[SourceQuality "1"]

1. d4 Nf6 2. c4 e6 3. Nc3 Nc6 4. Nf3 d5 5. Bg5 Be7 6. cxd5 exd5 7. e3 0-0 8. Bd3 Be6 9. a3 h6 10. Bh4 Na5 11. 0-0 c6 12. Qc2 Nc4 13. Rac1 Rc8 14. Ne2 b5 15. a4 Bg4 16. Ne5 Be6 17. Nf4 Nxe5 18. dxe5 Nd7 19. Bg3 a6 20. Qd1 Nc5 21. Bb1 Qe8 22. Rxc5 Bxc5 23. Qc2 g6 24. Qxc5 Qd7 25. a5 Bf5 26. Bxf5 Qxf5 27. Ne2 Qd7 28. b4 Rfe8 29. Rc1 Kg7 30. Nd4 Re7 31. Qd6 Qe8 32. Qf6+ Kh7 33. Bf4 Re6 34. Nxe6 Qxe6 35. Qxe6 fxe6 36. h4 Kg7 37. Kf1 h5 38. Ke2 Kf7 39. e4 Ke7 40. exd5 exd5 41. Kd3 Ke6 42. Kd4 Kd7 43. Kc5 1-0

[Event "GER-ch 2013-A-V1 post"]
[Site "GER email"]
[Date "2013.02.25"]
[Round "?"]
[White "Moebius, Manfred"]
[Black "Mathias, Manfred"]
[Result "0-1"]
[WhiteElo "1880"]
[BlackElo "2007"]
[PlyCount "76"]
[EventDate "2013.02.25"]
[EventType "tourn (corr)"]
[EventRounds "6"]
[EventCountry "GER"]
[SourceTitle "Corr 2015"]
[Source "ChessBase"]
[SourceDate "2015.07.17"]
[SourceVersion "1"]
[SourceVersionDate "2015.07.17"]
[SourceQuality "1"]

1. Nf3 c5 2. e4 e6 3. d4 cxd4 4. Nxd4 Nf6 5. Nc3 d6 6. Be3 a6 7. Be2 Qc7 8. Qd2 b5 9. a3 Bb7 10. f3 Nc6 11. 0-0 Be7 12. Nxc6 Bxc6 13. a4 b4 14. Na2 a5 15. c3 b3 16. Nc1 Rb8 17. Bd1 d5 18. exd5 Nxd5 19. Bd4 e5 20. Bf2 0-0 21. Bxb3 Rfd8 22. Re1 Nf4 23. Qc2 g6 24. Bc4 Bxf3 25. Bxf7+ Kxf7 26. gxf3 Bc5 27. Bxc5 Qxc5+ 28. Kf1 Qc8 29. Kg1 Qh3 30. Qf2 Rxb2 31. Qxb2 Qxf3 32. h4 Qg4+ 33. Kf1 Nh3 34. Nd3 Qg1+ 35. Ke2 Qg2+ 36. Ke3 Rxd3+ 37. Kxd3 Nf4+ 38. Ke3 Qxb2 0-1